Edgewise (Record no. 41702)

MARC details
000 -LEADER
fixed length control field 00294pam a2200133 a 4500
020 ## - INTERNATIONAL STANDARD BOOK NUMBER
Terms of availability
041 ## - LANGUAGE CODE
Language code of original
082 ## - DEWEY DECIMAL CLASSIFICATION NUMBER
Classification number D577
Item number REN
100 ## - MAIN ENTRY--PERSONAL NAME
Personal name Renfroe.,
Relator term E.W.,
245 ## - TITLE STATEMENT
Title Edgewise
Medium Textual Documents
260 ## - PUBLICATION, DISTRIBUTION, ETC.
Place of publication, distribution, etc. Pennsylvania
Name of publisher, distributor, etc. lea & Febiger
Date of publication, distribution, etc. 1975
300 ## - PHYSICAL DESCRIPTION
Extent 494:
Dimensions 22x2811.
930 ## - EQUIVALENCE OR CROSS-REFERENCE-UNIFORM TITLE HEADING [LOCAL, CANADA]
Uniform title 2312
Holdings
Withdrawn status Lost status Source of classification or shelving scheme Damaged status Not for loan Home library Current library Date acquired Source of acquisition Cost, normal purchase price Total Checkouts Full call number Barcode Date last seen Copy number Price effective from Koha item type
    Dewey Decimal Classification     Dental College & Hospital, Pune Dental College & Hospital, Pune 10/04/2011 Dr R B Sabale 430.00   577 REN DCP-D577 24/02/2023 1 24/02/2023 Book